| 000 | 00646cab a2200217 4500 | ||
|---|---|---|---|
| 001 | ABS54314 | ||
| 008 | 090401t1996 xxu||||| |||| 00| 0 eng d | ||
| 035 | _a(Sirsi) u9748 | ||
| 041 | _aeng | ||
| 100 | _aYates, A. | ||
| 245 | _aFast forward to the future | ||
| 260 | _c1996 | ||
| 350 | _a0 | ||
| 490 |
_aEstates Gazette _v(9603) 20 January 1996, 116-117(2) |
||
| 520 | _aFast track construction methods can help developers involved in speculative construction. Gives examples. | ||
| 650 | _aFAST TRACK CONSTRUCTION | ||
| 650 | _aSPECULATIVE DEVELOPMENT | ||
| 690 | _aPROPERTY-PROPERTY DEVELOPMENT | ||
| 942 | _n0 | ||
| 948 | _c04/03/1997 | ||
| 999 |
_c6129 _d6129 |
||